000 00785 a2200193 4500
003 NUST
005 20251125122348.0
040 _cNust
082 _a621.382,HAD
100 _aHadi, Muhammad Umair (TE-45/TCC-20)
_9131494
245 _aVanet Fleet Management /
_cMuhammad Umair Hadi, Farhan Nazir, Warda Naim and Haleemah Zia TE-45/TCC-20
260 _bRawalpindi
_aMCS (NUST)
_c2012
300 _ax,73 p.;
505 _aIntroduction (Page-1), literature Review (Page-6), Project Design and Environmental Selection (Page-22), Specification (Page-27), System Module (Page-34), Installation of Equipment (Page-43), Bibliography (Page-71).
650 _aUG Projects
_998716
651 _aTE-45/TCC-20
_9131495
700 _aSupervised by Maj Asim Rasheed
_9132056
942 _cPR
_2ddc
999 _c190713
_d190713